How Many Australian/Oceanian Countries Can You Name in 15 Seconds? - Statistics

General Stats
  • This quiz has been taken 648 times
    623 since last reset
  • The average score is 5 of 14
Answer Stats
Countries % Correct
Australia
85%
New Zealand
64%
Fiji
50%
Tonga
38%
Samoa
37%
Nauru
34%
Palau
31%
Tuvalu
31%
Vanuatu
26%
Kiribati
21%
Micronesia
20%
Papua New Guinea
19%
Solomon Islands
17%
Marshall Islands
16%
No matching quizzes found
Score Distribution
Percent of People with Each Score
Percentile by Number Answered
Your Score History
You have not taken this quiz since the last reset